Entraîneurs des équipes internationales de rugby. - Statistiques

Statistiques générales
  • Ce quiz a été pris 139 fois
  • Le résultat moyen est 4 sur 12
Statistiques - réponses
Nation Période Entraîneur % Correct
France 2020-... Fabien Galthié
92%
Australie 2001-2005 ; 2023-... Eddy Jones
67%
Irlande 2020-... Andy Farrell
63%
Pays de Galles 2007-2019 ; 2023-... Warren Gatland
53%
Angleterre 2023-... Steve Borthwick
34%
Ecosse 2017-... Gregor Townsend
27%
Argentine 2022-... Michael Cheika
19%
Nouvelle-Zélande 2019-... Ian Foster
16%
Afrique du Sud 2020-... Jacques Nienaber
14%
Fidji 2020-... Vern Cotter
14%
Italie 2021-... Kieran Crowley
8%
Japon 2016-... Jamie Joseph
4%
Aucun quiz correspondant
Distribution des résultats
% des personnes avec chaque résultat
Percentile par nombre de réponses
Votre historique - résultats
Vous n’avez pas pris ce quiz